skbl

Dr Suryya Kumar Bhuyan Library Web-OPAC
ডঃ সূৰ্য্য
কুমাৰ ভূঞা পুথিভঁৰাল ৱেব-অ'পেক

All Research Scholars are advised to clear the annual library fees to continue using Library Resources, Remote Access, Plagiarism Test and Library Clearance.

Cotton University Book Fair 2026

Constitutional law (Record no. 40955)

MARC details
000 -LEADER
fixed length control field 00436nam a2200157Ia 4500
001 - CONTROL NUMBER
control field 40985
008 - FIXED-LENGTH DATA ELEMENTS--GENERAL INFORMATION
fixed length control field 230418s2015 ii a g b000 u 903 u
020 ## - INTERNATIONAL STANDARD BOOK NUMBER
International Standard Book Number 9789381587188
082 ## - DEWEY DECIMAL CLASSIFICATION NUMBER
Classification number 342
100 ## - MAIN ENTRY--PERSONAL NAME
Personal name Vaidya,S,
Relator term Author.
245 #0 - TITLE STATEMENT
Title Constitutional law
Statement of responsibility, etc. S. Vaidya
Medium Textual Documents
260 ## - PUBLICATION, DISTRIBUTION, ETC.
Place of publication, distribution, etc. Allahabad
Name of publisher, distributor, etc. Allahabad Law Agency
Date of publication, distribution, etc. 2015
300 ## - PHYSICAL DESCRIPTION
Extent 118p.:
Dimensions 22cm.
653 ## - INDEX TERM--UNCONTROLLED
Uncontrolled term Constitutional & administrative law
942 ## - ADDED ENTRY ELEMENTS (KOHA)
Source of classification or shelving scheme Dewey Decimal Classification
Koha item type Books
Holdings
Withdrawn status Lost status Damaged status Not for loan Collection Home library Current library Date acquired Source of acquisition Coded location qualifier Cost, normal purchase price Total checkouts Full call number Barcode Date last seen Copy number Price effective from Koha item type Public note
          Dr. Suryya Kumar Bhuyan Library Dr. Suryya Kumar Bhuyan Library 01/02/2012 28 00000 200.00   342 VAI 88148 14/01/2024 1 01/02/2012 Books 28

Designed and Maintained by Team SKBL
©1901-2026

Powered by Koha